Sports Quiz

Random Sports or Letter Quiz

MLB Interlocking Letter Logos Quiz Stats

 Plays Quiz not verified by Sporcle

Challenge
Share
Tweet
Embed
Score 0/11 Timer 02:00
0 Plays Today
League % Correct
ALYankees
97%
NLMets
88%
NLDodgers
81%
NLGiants
78.5%
NLCardinals
75.8%
ALWhite Sox
71.4%
ALRays
70.7%
ALTwins
70.5%
NLPadres
69.1%
ALRoyals
63.6%
NLRockies
59.2%

You're not logged in!

Compare scores with friends on all Sporcle quizzes.
OR
Log In

You Might Also Like...

Show Comments

Extras

Top Quizzes Today


Score Distribution

Your Account Isn't Verified!

In order to create a playlist on Sporcle, you need to verify the email address you used during registration. Go to your Sporcle Settings to finish the process.

Report this User

Report this user for behavior that violates our Community Guidelines.

Details: